El enigma de Joaquín Costa : ¿Revolucionario? ¿Oligarquista? /

Guardado en:
Autor Principal: Pérez, Dionisio.
Formato: Libro
Idioma:Undetermined
Publicado: Madrid. Barcelona. Buenos Aires : Compañía iberoamericana de publicaciones s.a., 1930.
Materias:
Etiquetas: Agregar Etiqueta
Sin Etiquetas, Sea el primero en etiquetar este registro!
LEADER 00623nam a22001695a 4500
001 EHU.bham045895
005 20111229092403.0
008 110404s1930####sp############000#0#und#d
100 1 |a Pérez, Dionisio. 
245 0 0 |a El enigma de Joaquín Costa :  |b ¿Revolucionario? ¿Oligarquista? /  |c Dionisio Pérez. 
260 |a Madrid. Barcelona. Buenos Aires :  |b Compañía iberoamericana de publicaciones s.a.,  |c 1930. 
300 |a 206 p. 
600 1 7 |a Joaquín Costa. 
653 |a Historia de España 
653 |a Regeneracionismo 
653 |a Colección Lejarraga 
859 |a AR-BHAM  |b BIB. HUMANIDADES - Donacion Lejarraga  |h MFN000114  |p 000114.19